Far from the madding crowd (Record no. 5118)
[ view plain ]
| 000 -LEADER | |
|---|---|
| fixed length control field | 00381 a2200145 4500 |
| 020 ## - INTERNATIONAL STANDARD BOOK NUMBER | |
| International Standard Book Number | 0-14-062047-8 |
| 040 ## - CATALOGING SOURCE | |
| Original cataloging agency | DLC |
| Language of cataloging | DLC |
| 100 1# - MAIN ENTRY--PERSONAL NAME | |
| Personal name | Hardy, Thomas, |
| 245 00 - TITLE STATEMENT | |
| Title | Far from the madding crowd |
| Statement of responsibility, etc. | Hardy, Thomas |
| 260 ## - PUBLICATION, DISTRIBUTION, ETC. | |
| Place of publication, distribution, etc. | London : |
| Name of publisher, distributor, etc. | Penguin books, |
| Date of publication, distribution, etc. | 1994 |
| 300 ## - PHYSICAL DESCRIPTION | |
| Extent | 374 s. |
| 490 0# - SERIES STATEMENT | |
| Series statement | Penguin popular classics |
| 500 ## - GENERAL NOTE | |
| General note | Originalupplaga 1874 |
| 942 ## - ADDED ENTRY ELEMENTS (KOHA) | |
| Koha item type | Book |
| Call number prefix | 823.8 HAR |
| Source of classification or shelving scheme | |
| Withdrawn status | Lost status | Damaged status | Not for loan | Collection code | Permanent Location | Current Location | Shelving location | Date acquired | Source of acquisition | Cost, normal purchase price | Total Checkouts | Total Renewals | Full call number | Barcode | Checked out | Date last seen | Date last checked out | Price effective from | Koha item type |
|---|---|---|---|---|---|---|---|---|---|---|---|---|---|---|---|---|---|---|---|
| Central Library (CL) | Central Library (CL) | General Stacks | 06/13/2003 | Allied Book Company | 123.46 | 3 | 1 | 823.8 HAR | SEECS003546 | 01/06/2024 | 12/07/2023 | 12/07/2023 | 01/05/2017 | Book | |||||
| Central Library (CL) | Central Library (CL) | Fiction | 01/05/2005 | Academic Book Company | 126.00 | 3 | 823.8 HAR | SEECS005214 | 03/02/2021 | 10/23/2020 | 01/05/2017 | Book |
